01745nam a2200337 a 4500001001200000003000800012006001900020007001500039008004100054020001800095020002700113040002100140035002100161050002300182111015400205245032400359260005100683300003500734490007900769504004100848533015200889650004001041655002901081700001501110700001801125700002401143710001701167830008001184856012601264999001701390ebr10691968CaPaEBRm u cr cn|||||||||130507s2013 si ac sb 100 0 eng d z9789814449748 z9789814449755 (e-book) aCaPaEBRcCaPaEBR a(OCoLC)84025474614aQA370b.S56 2011eb2 aSino-Japan Conference of Young Mathematicians on Emerging Topics on Differential Equations and their Applicationsd(2011 :cNankai University, China)10aEmerging topics on differential equations and their applicationsh[electronic resource] :bproceedings on Sino-Japan Conference of Young Mathematicians on Emerging Topics on Differential Equations and their Applications, Nankai University, China, 5-9 December 2011 /cedited by Hua Chen, Yiming Long, Yasumasa Nishiura. aSingapore :bWorld Scientific Pub. Co.,c2013. aix, 307 p. :bill., col. port.1 aNankai series in pure, applied mathematics and theoretical phyics ;vv. 10 aIncludes bibliographical references. aElectronic reproduction.bPalo Alto, Calif. :cebrary,d2013.nAvailable via World Wide Web.nAccess may be limited to ebrary affiliated libraries. 0aDifferential equationsvCongresses. 7aElectronic books.2local1 aChen, Hua.1 aLong, Yiming.1 aNishiura, Yasumasa.2 aebrary, Inc. 0aNankai series in pure, applied mathematics and theoretical phyics ;vv. 10.40uhttp://site.ebrary.com/lib/rucke/Doc?id=10691968zAn electronic book accessible through the World Wide Web; click to view c10102d10102